[Event "1516VL"]
[Site "Mecklenburg-Vorpommern"]
[Date "2016.04.24"]
[Round "9.7"]
[White "Bahr, Enrico"]
[Black "Bigalke, Steffen"]
[Result "1-0"]
[WhiteElo "1821"]
[BlackElo "1777"]
[PlyCount "203"]
[EventDate "2015.10.11"]
[EventType "team-tourn"]
[EventRounds "9"]
[EventCountry "GER"]
[SourceDate "2015.09.20"]
[WhiteTeam "ASV GW Wismar "]
[BlackTeam "SAV Torgelow"]
[WhiteTeamCountry "GER"]
[BlackTeamCountry "GER"]

1. d4 Nf6 2. Nf3 d5 3. Bf4 e6 4. e3 c6 5. c3 Nbd7 6. Bd3 Be7 7. O-O O-O 8. Nbd2
Re8 9. e4 dxe4 10. Nxe4 Nxe4 11. Bxe4 Nf6 12. Bc2 b6 13. Qe2 Bb7 14. Rad1 Qc8
15. Rfe1 c5 16. Ba4 Bc6 17. Bxc6 Qxc6 18. Ne5 Qc8 19. Qf3 cxd4 20. Rxd4 Bc5 21.
Rd3 Nd5 22. Bc1 f6 23. Ng4 Bf8 24. h3 Qc6 25. Ne3 Ne7 26. Qg3 Ng6 27. Ng4 Rad8
28. Red1 Qc8 29. h4 Rxd3 30. Rxd3 Rd8 31. h5 Rxd3 32. Qxd3 Ne7 33. h6 Nf5 34.
Bd2 Kf7 35. hxg7 Bxg7 36. b3 Qc7 37. c4 Qd6 38. Qe2 Qd4 39. Ne3 Nxe3 40. Qh5+
Ke7 41. Bxe3 Qa1+ 42. Kh2 Qxa2 43. Qxh7 Kf8 44. Qd3 Qa3 45. Qc2 f5 46. c5 Be5+
47. g3 Bc7 48. cxb6 Bxb6 49. Bxb6 axb6 50. Qc8+ Kf7 51. Qc7+ Kf6 52. Qxb6 Qb2
53. b4 Qd2 54. Qc5 e5 55. Kg2 f4 56. gxf4 exf4 57. Kf3 Qd1+ 58. Kxf4 Qd2+ 59.
Ke4 Qe2+ 60. Kd5 Qe6+ 61. Kd4 Qg4+ 62. Kc3 Qf3+ 63. Kb2 Qe2+ 64. Kb3 Qd1+ 65.
Qc2 Qd5+ 66. Kb2 Qb5 67. Qc3+ Kg6 68. f4 Kf7 69. Kb3 Qf5 70. Qc4+ Kg7 71. b5
Qb1+ 72. Ka4 Qa1+ 73. Kb4 Qb1+ 74. Ka5 Qa1+ 75. Kb6 Qf6+ 76. Qc6 Qd4+ 77. Kb7
Kg8 78. b6 Qg7+ 79. Kb8 Qd4 80. Qc8+ Kf7 81. Qc7+ Kg6 82. b7 Qh8+ 83. Qc8 Qd4
84. f5+ Kg5 85. Qe6 Qd8+ 86. Ka7 Qa5+ 87. Qa6 Qc5+ 88. Ka8 Qd5 89. Qg6+ Kf4 90.
Qe6 Qa5+ 91. Kb8 Qd8+ 92. Qc8 Qd4 93. Qf8 Qe5+ 94. Kc8 Qc3+ 95. Kd8 Qd4+ 96.
Ke8 Qe5+ 97. Qe7 Qb8+ 98. Kf7 Kxf5 99. Kg7 Qg3+ 100. Kh7 Qh2+ 101. Kg8 Qg3+
102. Qg7 1-0

[Event "1516VL"]
[Site "Mecklenburg-Vorpommern"]
[Date "2016.04.24"]
[Round "9.8"]
[White "Kasel, Alexander"]
[Black "Pentzien, Volker"]
[Result "1-0"]
[WhiteElo "1607"]
[BlackElo "1810"]
[PlyCount "61"]
[EventDate "2015.10.11"]
[EventType "team-tourn"]
[EventRounds "9"]
[EventCountry "GER"]
[SourceDate "2015.09.20"]
[WhiteTeam "SAV Torgelow"]
[BlackTeam "ASV GW Wismar "]
[WhiteTeamCountry "GER"]
[BlackTeamCountry "GER"]

1. c4 Nf6 2. g3 g6 3. Bg2 Bg7 4. Nf3 c5 5. O-O Nc6 6. Nc3 O-O 7. d3 d6 8. Rb1
Rb8 9. a3 a5 10. Bd2 b6 11. Nb5 d5 12. Bf4 Rb7 13. Ne5 Nxe5 14. Bxe5 Be6 15.
Nc3 Rd7 16. Bxf6 Bxf6 17. cxd5 Bxd5 18. Nxd5 Rxd5 19. Bxd5 Qxd5 20. b4 axb4 21.
axb4 e5 22. bxc5 bxc5 23. Qc2 h5 24. Rb5 Be7 25. Rfb1 Kg7 26. Rb7 Qd6 27. R1b6
Qd8 28. Qb2 Bf6 29. Qb5 Qd4 30. Qa6 Bd8 31. Rxg6+ 1-0

[Event "1516VL"]
[Site "Mecklenburg-Vorpommern"]
[Date "2016.04.24"]
[Round "9.1"]
[White "Westphal, Wolfgang"]
[Black "Waschk, Armin"]
[Result "0-1"]
[WhiteElo "2106"]
[BlackElo "2099"]
[PlyCount "86"]
[EventDate "2015.10.11"]
[EventType "team-tourn"]
[EventRounds "9"]
[EventCountry "GER"]
[SourceDate "2015.09.20"]
[WhiteTeam "SF Schwerin III"]
[BlackTeam "SG Guestrow/Teterow"]
[WhiteTeamCountry "GER"]
[BlackTeamCountry "GER"]

1. e4 c5 2. Nf3 d6 3. Bb5+ Bd7 4. Bxd7+ Qxd7 5. O-O Nc6 6. c3 Nf6 7. d4 cxd4 8.
cxd4 e6 9. d5 Ne5 10. dxe6 Nxf3+ 11. Qxf3 fxe6 12. Rd1 Qc6 13. Nc3 Be7 14. Bg5
Qb6 15. Qh3 Kf7 16. e5 dxe5 17. Bxf6 gxf6 18. Qh5+ Kf8 19. Rd2 Rg8 20. Qxh7 Rg7
21. Qh8+ Rg8 22. Qh3 Kf7 23. Rd7 Rg7 24. Qh5+ Kg8 25. Qf3 Rb8 26. Rad1 f5 27.
h4 e4 28. Qe2 Rf8 29. h5 Rf6 30. Qd2 Kh7 31. Ne2 Rff7 32. h6 Rg6 33. Nf4 Rxh6
34. Nh3 Rg7 35. Ng5+ Kg6 36. Qf4 Rh5 37. Nh3 Kf6 38. Kh2 Qxb2 39. R1d2 Qb5 40.
a4 Qf1 41. f3 Rxh3+ 42. Kxh3 Qh1+ 43. Qh2 Rh7+ 0-1

[Event "1516VL"]
[Site "Mecklenburg-Vorpommern"]
[Date "2016.04.24"]
[Round "9.2"]
[White "Dettmann, Gerd"]
[Black "Kutschke, Peter"]
[Result "1-0"]
[WhiteElo "2081"]
[BlackElo "2000"]
[PlyCount "103"]
[EventDate "2015.10.11"]
[EventType "team-tourn"]
[EventRounds "9"]
[EventCountry "GER"]
[SourceDate "2015.09.20"]
[WhiteTeam "SG Guestrow/Teterow"]
[BlackTeam "SF Schwerin III"]
[WhiteTeamCountry "GER"]
[BlackTeamCountry "GER"]

1. e4 d5 2. exd5 Nf6 3. Nc3 Nxd5 4. Bc4 c6 5. Qf3 e6 6. Nge2 Nd7 7. d4 Qf6 8.
Qxf6 N7xf6 9. O-O Bd6 10. Bg5 O-O 11. a3 h6 12. Bh4 Bd7 13. Rad1 Rfe8 14. Rfe1
b5 15. Bb3 a5 16. a4 b4 17. Nb1 Rec8 18. Nd2 g5 19. Bg3 Bxg3 20. Nxg3 Rc7 21.
Nge4 Nxe4 22. Nxe4 Kg7 23. Nc5 Rd8 24. Re5 Bc8 25. g3 Rd6 26. Rd3 Re7 27. c4
bxc3 28. bxc3 f6 29. Re1 Nc7 30. Rde3 Nd5 31. Bxd5 cxd5 32. Rb1 Ba6 33. Rb8 e5
34. Ra8 Bc4 35. Rxa5 Rb6 36. h3 Rb1+ 37. Kg2 e4 38. g4 Kg6 39. Ra8 Rf7 40. Rd8
Ra1 41. Rd6 Kh7 42. Rd7 Rxd7 43. Nxd7 Kg6 44. f3 Ra2+ 45. Kg3 f5 46. Ne5+ Kf6
47. gxf5 exf3 48. Rxf3 Be2 49. Rf2 h5 50. Nd7+ Kf7 51. Nb6 h4+ 52. Kh2 1-0

[Event "1516VL"]
[Site "Mecklenburg-Vorpommern"]
[Date "2016.04.24"]
[Round "9.3"]
[White "Wandel, Bernd"]
[Black "Luther, Alexander"]
[Result "0-1"]
[WhiteElo "2023"]
[BlackElo "1961"]
[PlyCount "64"]
[EventDate "2015.10.11"]
[EventType "team-tourn"]
[EventRounds "9"]
[EventCountry "GER"]
[SourceDate "2015.09.20"]
[WhiteTeam "SF Schwerin III"]
[BlackTeam "SG Guestrow/Teterow"]
[WhiteTeamCountry "GER"]
[BlackTeamCountry "GER"]

1. d4 d5 2. c4 e6 3. Nc3 Nf6 4. Nf3 b6 5. cxd5 Nxd5 6. e4 Nxc3 7. bxc3 Be7 8.
Bb5+ c6 9. Bd3 O-O 10. O-O Bb7 11. Qc2 Nd7 12. e5 h6 13. Bh7+ Kh8 14. Be4 Qc7
15. Be3 c5 16. Bxb7 Qxb7 17. Qb3 Rac8 18. Rfd1 c4 19. Qc2 b5 20. Rab1 a5 21.
Nd2 Qc6 22. Rdc1 Nb6 23. Qe4 b4 24. Qxc6 Rxc6 25. Ne4 Nd5 26. Kf1 Rb8 27. cxb4
axb4 28. Bd2 Ra8 29. Nd6 Bxd6 30. exd6 c3 31. d7 Rc7 32. a3 Rxd7 0-1

[Event "1516VL"]
[Site "Mecklenburg-Vorpommern"]
[Date "2016.04.24"]
[Round "9.4"]
[White "Fidorra, Thomas"]
[Black "Wagner, Ralph"]
[Result "1/2-1/2"]
[WhiteElo "1940"]
[BlackElo "1989"]
[PlyCount "102"]
[EventDate "2015.10.11"]
[EventType "team-tourn"]
[EventRounds "9"]
[EventCountry "GER"]
[SourceDate "2015.09.20"]
[WhiteTeam "SG Guestrow/Teterow"]
[BlackTeam "SF Schwerin III"]
[WhiteTeamCountry "GER"]
[BlackTeamCountry "GER"]

1. e4 e6 2. d4 d5 3. exd5 exd5 4. Bd3 Nc6 5. c3 Bd6 6. Ne2 Bg4 7. f3 Bh5 8. Bf4
Nge7 9. Nd2 Bg6 10. Qc2 Bxf4 11. Nxf4 Qd6 12. g3 Bxd3 13. Qxd3 O-O-O 14. O-O-O
g5 15. Nh3 h6 16. Nb3 Rde8 17. Nc5 Nd8 18. Rhe1 b6 19. Qa6+ Kb8 20. Qb5 c6 21.
Qb3 Nb7 22. Na6+ Kc8 23. Qc2 Ng6 24. Qf5+ Qd7 25. Qf6 Re6 26. Rxe6 Qxe6 27.
Qxe6+ fxe6 28. Re1 Kd7 29. Nb4 Rf8 30. Re3 Nd6 31. b3 Nf5 32. Re1 Nfe7 33. Ng1
c5 34. Nc2 Kd6 35. Kd2 e5 36. Kd3 h5 37. Re3 g4 38. fxg4 hxg4 39. Re2 Rf1 40.
Re1 Rf2 41. Re2 Rf1 42. Re1 Rxe1 43. Nxe1 cxd4 44. cxd4 e4+ 45. Kd2 Nf5 46. Nc2
Nf8 47. Ne2 Ne6 48. Ne3 Nexd4 49. Nxd4 Nxd4 50. Nxg4 Nf5 51. Ne3 Nxe3 1/2-1/2

[Event "1516VL"]
[Site "Mecklenburg-Vorpommern"]
[Date "2016.04.24"]
[Round "9.5"]
[White "Hueneburg, Christian"]
[Black "Dettmann, Holger"]
[Result "1/2-1/2"]
[WhiteElo "2037"]
[BlackElo "1919"]
[PlyCount "72"]
[EventDate "2015.10.11"]
[EventType "team-tourn"]
[EventRounds "9"]
[EventCountry "GER"]
[SourceDate "2015.09.20"]
[WhiteTeam "SF Schwerin III"]
[BlackTeam "SG Guestrow/Teterow"]
[WhiteTeamCountry "GER"]
[BlackTeamCountry "GER"]

1. e4 d6 2. d4 Nf6 3. Bd3 g6 4. f4 Bg7 5. Nf3 O-O 6. Be3 b6 7. Nc3 Bb7 8. Qe2
a6 9. e5 Nd5 10. Nxd5 Bxd5 11. c4 Bxf3 12. Qxf3 Nd7 13. Be4 Rb8 14. Bc6 e6 15.
O-O b5 16. c5 Qe7 17. Rac1 f6 18. Qh3 fxe5 19. cxd6 cxd6 20. fxe5 dxe5 21. d5
Rxf1+ 22. Rxf1 Nf8 23. dxe6 Nxe6 24. Bd5 Re8 25. Rc1 Qd6 26. Rc8 Qxd5 27. Rxe8+
Nf8 28. b3 Qd1+ 29. Kf2 Qc2+ 30. Kg3 Qe4 31. Qe6+ Kh8 32. Bc5 Qf4+ 33. Kh3 Qh6+
34. Kg4 Qf4+ 35. Kh3 Qh6+ 36. Kg3 Qf4+ 1/2-1/2

[Event "1516VL"]
[Site "Mecklenburg-Vorpommern"]
[Date "2016.04.24"]
[Round "9.6"]
[White "Kiel, Bernd"]
[Black "Kupfernagel, Michael"]
[Result "0-1"]
[WhiteElo "1914"]
[BlackElo "1901"]
[PlyCount "106"]
[EventDate "2015.10.11"]
[EventType "team-tourn"]
[EventRounds "9"]
[EventCountry "GER"]
[SourceDate "2015.09.20"]
[WhiteTeam "SG Guestrow/Teterow"]
[BlackTeam "SF Schwerin III"]
[WhiteTeamCountry "GER"]
[BlackTeamCountry "GER"]

1. e4 c5 2. c3 Nf6 3. e5 Nd5 4. d4 cxd4 5. cxd4 Nc6 6. Nf3 d6 7. Bc4 Nb6 8. Bb5
dxe5 9. Nxe5 Bd7 10. Bxc6 Bxc6 11. Nxc6 bxc6 12. O-O e6 13. Qg4 Be7 14. Qxg7
Bf6 15. Qg3 Qxd4 16. Nc3 Nd5 17. Be3 Qb4 18. Rab1 a5 19. Qf3 Be7 20. Ne4 Rc8
21. Rfd1 Rg8 22. Rd4 Qb5 23. Bd2 c5 24. Rxd5 exd5 25. Nc3 Qd7 26. Nxd5 Rc6 27.
Re1 Re6 28. Rxe6 fxe6 29. Qh5+ Rg6 30. Qxh7 Rxg2+ 31. Kxg2 Qxd5+ 32. Kf1 Qxd2
33. Qg8+ Kd7 34. Qb8 Qb4 35. Qa7+ Ke8 36. Qa8+ Kd7 37. Qa7+ Kd6 38. Qa6+ Ke5
39. Qe2+ Qe4 40. Qh5+ Kd6 41. Qh8 Qb7 42. b3 Kd7 43. Qh7 Qd5 44. h3 Qf5 45. Qh8
Bf6 46. Qa8 Qxh3+ 47. Ke2 Qh5+ 48. f3 Qe5+ 49. Kf2 Qh2+ 50. Ke1 Bd4 51. Qb7+
Ke8 52. Qc8+ Ke7 53. Qc7+ Qxc7 0-1

[Event "1516VL"]
[Site "Mecklenburg-Vorpommern"]
[Date "2016.04.24"]
[Round "9.7"]
[White "Schumacher, Ole"]
[Black "Ramp, Oliver"]
[Result "1/2-1/2"]
[WhiteElo "1673"]
[BlackElo "1791"]
[PlyCount "90"]
[EventDate "2015.10.11"]
[EventType "team-tourn"]
[EventRounds "9"]
[EventCountry "GER"]
[SourceDate "2015.09.20"]
[WhiteTeam "SF Schwerin III"]
[BlackTeam "SG Guestrow/Teterow"]
[WhiteTeamCountry "GER"]
[BlackTeamCountry "GER"]

1. d4 c5 2. d5 d6 3. c4 b5 4. cxb5 a6 5. e4 g6 6. Nc3 Bg7 7. Nf3 axb5 8. Bxb5+
Bd7 9. O-O Nf6 10. Re1 O-O 11. Bg5 h6 12. Bd2 Qb6 13. a4 Ng4 14. Rb1 Bxb5 15.
Nxb5 Nd7 16. Bc3 Nde5 17. Nh4 Bf6 18. g3 h5 19. h3 Nh6 20. Ng2 c4 21. Rf1 Kg7
22. Kh2 Ng8 23. f4 Nd3 24. Na3 Qa6 25. Ne3 Rfc8 26. Naxc4 Bxc3 27. bxc3 Rxc4
28. Qxd3 Rxa4 29. Qxa6 R8xa6 30. c4 Ra2+ 31. Kg1 Re2 32. Rfe1 Raa2 33. Nf1 Rec2
34. Rbc1 Rg2+ 35. Kh1 Nf6 36. e5 Nd7 37. exd6 exd6 38. Rb1 Nc5 39. Rb6 Rgf2 40.
Rd1 Rae2 41. Rxd6 Ne4 42. Ra6 Nxg3+ 43. Nxg3 Rh2+ 44. Kg1 Rhg2+ 45. Kf1 Rgf2+
1/2-1/2

[Event "1516VL"]
[Site "Mecklenburg-Vorpommern"]
[Date "2016.04.24"]
[Round "9.8"]
[White "Hornecker, Siegfried"]
[Black "Voll, Andreas"]
[Result "0-1"]
[WhiteElo "1880"]
[BlackElo "1788"]
[PlyCount "92"]
[EventDate "2015.10.11"]
[EventType "team-tourn"]
[EventRounds "9"]
[EventCountry "GER"]
[SourceDate "2015.09.20"]
[WhiteTeam "SG Guestrow/Teterow"]
[BlackTeam "SF Schwerin III"]
[WhiteTeamCountry "GER"]
[BlackTeamCountry "GER"]

1. e4 c5 2. Nf3 d6 3. Bb5+ Bd7 4. Qe2 Bxb5 5. Qxb5+ Qd7 6. Qxd7+ Nxd7 7. Nc3 a6
8. a4 Ngf6 9. d3 g6 10. Ra3 b6 11. h3 Bg7 12. Be3 Rb8 13. d4 cxd4 14. Bxd4 O-O
15. O-O Rfc8 16. Nd2 Rb7 17. f4 b5 18. axb5 axb5 19. Rb3 b4 20. e5 Ne8 21. Nf3
Nc5 22. Bxc5 Rxc5 23. Ne4 Rc4 24. e6 fxe6 25. Neg5 Rxc2 26. Ra1 Nc7 27. Ra2 h6
28. Ne1 Bd4+ 29. Kh2 Re2 30. Ngf3 Bf2 31. Nd3 Nd5 32. Nxf2 Rxf2 33. Ra8+ Kg7
34. Kg3 Re2 35. Nd4 Re4 36. Nc6 Rc7 37. Nd8 Kf6 38. Rf3 Ne3 39. Rf2 Nf5+ 40.
Kh2 Nd4 41. g4 Kg7 42. Kg3 Re3+ 43. Kh4 Rc1 44. Rg2 Nf3+ 45. Kg3 Ne1+ 46. Kh4
Nxg2# 0-1

[Event "1516VL"]
[Site "Mecklenburg-Vorpommern"]
[Date "2016.04.24"]
[Round "9.1"]
[White "Rossmann, Andreas"]
[Black "Ruesch, Hans Joachim"]
[Result "0-1"]
[WhiteElo "1919"]
[BlackElo "1919"]
[PlyCount "67"]
[EventDate "2015.10.11"]
[EventType "team-tourn"]
[EventRounds "9"]
[EventCountry "GER"]
[SourceDate "2015.09.20"]
[WhiteTeam "SG Neubrandenburg"]
[BlackTeam "SFO Warnemuende"]
[WhiteTeamCountry "GER"]
[BlackTeamCountry "GER"]

1. d4 g6 2. Nf3 Bg7 3. g3 Nf6 4. Bg2 d6 5. O-O O-O 6. c4 Nbd7 7. Nc3 e5 8. e4
c6 9. d5 c5 10. h3 Nh5 11. Be3 a6 12. Nh2 Qe8 13. Bf3 Ndf6 14. Ng4 b5 15. b3
Bd7 16. Nxf6+ Nxf6 17. Bg2 Nh5 18. Rc1 f5 19. exf5 gxf5 20. Bf3 Nf6 21. Bg2 Qg6
22. Qc2 Bh6 23. Kh2 Bxe3 24. fxe3 Qh6 25. Bf3 e4 26. Bg2 Ng4+ 27. Kh1 Nxe3 28.
Qd2 Rf6 29. Rf4 Ng4 30. Nd1 Ne5 31. Rc3 Re8 32. Ne3 Ng6 33. Qf2 Nxf4 34. gxf4
0-1

[Event "1516VL"]
[Site "Mecklenburg-Vorpommern"]
[Date "2016.04.24"]
[Round "9.2"]
[White "Wolke, Heiko"]
[Black "Stoevesand, Peter"]
[Result "0-1"]
[WhiteElo "1961"]
[BlackElo "1864"]
[PlyCount "106"]
[EventDate "2015.10.11"]
[EventType "team-tourn"]
[EventRounds "9"]
[EventCountry "GER"]
[SourceDate "2015.09.20"]
[WhiteTeam "SFO Warnemuende"]
[BlackTeam "SG Neubrandenburg"]
[WhiteTeamCountry "GER"]
[BlackTeamCountry "GER"]

1. e4 e5 2. Nf3 Nc6 3. d4 exd4 4. c3 dxc3 5. Bc4 d6 6. Nxc3 Be6 7. Bxe6 fxe6 8.
Qb3 Qd7 9. Qxb7 Rb8 10. Qa6 Nh6 11. O-O Nf7 12. Be3 Be7 13. Nd4 Nxd4 14. Bxd4
c5 15. Be3 O-O 16. Rad1 Rxb2 17. Bxc5 Qc8 18. Qxc8 Rxc8 19. Ba3 Rb6 20. Rc1 Ne5
21. Nd5 Rxc1 22. Nxe7+ Kf7 23. Rxc1 Kxe7 24. f4 Nd3 25. Rd1 Nxf4 26. e5 Ne2+
27. Kf1 Nc3 28. Bxd6+ Kf7 29. Rc1 Nd5 30. a3 a6 31. Ke2 Kg6 32. Rc2 Kf5 33. h3
Rb3 34. g4+ Kg5 35. Rc6 Rb6 36. Be7+ Kf4 37. Rxb6 Nxb6 38. Bf8 g6 39. Bh6+ Kg3
40. Kd3 Kxh3 41. g5 Kg4 42. Kd4 Nd7 43. Ke4 a5 44. Kd4 Kf4 45. Kc4 Nxe5+ 46.
Kb5 Nf7 47. Bg7 Nxg5 48. Kxa5 h5 49. Bd4 h4 50. Kb5 Nf3 51. Bc5 h3 52. a4 h2
53. Bd6+ e5 0-1

[Event "1516VL"]
[Site "Mecklenburg-Vorpommern"]
[Date "2016.04.24"]
[Round "9.3"]
[White "Kunow, Frank"]
[Black "Schumacher, Dirk"]
[Result "1-0"]
[WhiteElo "1860"]
[BlackElo "1958"]
[PlyCount "49"]
[EventDate "2015.10.11"]
[EventType "team-tourn"]
[EventRounds "9"]
[EventCountry "GER"]
[SourceDate "2015.09.20"]
[WhiteTeam "SG Neubrandenburg"]
[BlackTeam "SFO Warnemuende"]
[WhiteTeamCountry "GER"]
[BlackTeamCountry "GER"]

1. Nf3 Nf6 2. c4 g6 3. b4 Bg7 4. Bb2 O-O 5. g3 d5 6. cxd5 Qxd5 7. Nc3 Qh5 8.
Bg2 Bh3 9. O-O Ng4 10. Qb3 Nc6 11. Nd5 e5 12. d3 Rad8 13. Ne3 Bxg2 14. Kxg2 e4
15. dxe4 Rd2 16. Bxg7 Rxe2 17. Nxg4 Kxg7 18. Qc3+ f6 19. Ne3 Ne5 20. Nd4 g5 21.
Nef5+ Kh8 22. Nxe2 Qxe2 23. Rfe1 Qh5 24. h3 Rd8 25. g4 1-0

[Event "1516VL"]
[Site "Mecklenburg-Vorpommern"]
[Date "2016.04.24"]
[Round "9.4"]
[White "Hamann, Dirk"]
[Black "Witkowski, Rainer"]
[Result "1/2-1/2"]
[WhiteElo "1911"]
[BlackElo "1835"]
[PlyCount "133"]
[EventDate "2015.10.11"]
[EventType "team-tourn"]
[EventRounds "9"]
[EventCountry "GER"]
[SourceDate "2015.09.20"]
[WhiteTeam "SFO Warnemuende"]
[BlackTeam "SG Neubrandenburg"]
[WhiteTeamCountry "GER"]
[BlackTeamCountry "GER"]

1. e4 e6 2. d4 d5 3. Nc3 dxe4 4. Nxe4 Nd7 5. Nf3 Ngf6 6. Bd3 Be7 7. O-O O-O 8.
Re1 b6 9. c3 Bb7 10. Qc2 Nxe4 11. Bxe4 Bxe4 12. Qxe4 c5 13. Bf4 cxd4 14. Nxd4
Nc5 15. Qf3 Bd6 16. Rad1 Bxf4 17. Qxf4 Qd5 18. b3 Rad8 19. c4 Qh5 20. f3 Qg6
21. Nc6 Rde8 22. Qc7 Qc2 23. Nxa7 Qxa2 24. b4 Na6 25. Qxb6 Qxc4 26. Nc6 Nxb4
27. Ne5 Qc3 28. Nd7 Nd5 29. Qd4 Rc8 30. Nxf8 Kxf8 31. Qe5 Qxe5 32. Rxe5 Rc2 33.
g3 g6 34. Ra1 Kg7 35. Ra7 Kf6 36. Re1 Rc7 37. Rxc7 Nxc7 38. Kf2 Nd5 39. Ra1 Ne7
40. Ra7 h5 41. f4 Nc6 42. Rc7 Nd4 43. h3 Nb5 44. Rd7 Nc3 45. Kf3 Nd5 46. g4 Kg7
47. Rd8 hxg4+ 48. hxg4 Kf6 49. Rd7 Kg7 50. Ra7 Kf8 51. Ke4 Ne7 52. Ra8+ Kg7 53.
Ke5 Nd5 54. Rd8 Ne3 55. g5 Nf5 56. Re8 Ne3 57. Ra8 Nf5 58. Ra4 Ne7 59. Kd6 Nd5
60. Rd4 Ne3 61. Kd7 Kf8 62. Ra4 Nd5 63. Rd4 Ne3 64. Rd3 Nd5 65. Rd4 Ne3 66. Rb4
Nd5 67. Rd4 1/2-1/2

[Event "1516VL"]
[Site "Mecklenburg-Vorpommern"]
[Date "2016.04.24"]
[Round "9.5"]
[White "Winkler, Karl"]
[Black "Giese, Guido"]
[Result "0-1"]
[WhiteElo "1863"]
[BlackElo "1856"]
[PlyCount "106"]
[EventDate "2015.10.11"]
[EventType "team-tourn"]
[EventRounds "9"]
[EventCountry "GER"]
[SourceDate "2015.09.20"]
[WhiteTeam "SG Neubrandenburg"]
[BlackTeam "SFO Warnemuende"]
[WhiteTeamCountry "GER"]
[BlackTeamCountry "GER"]

1. e4 c5 2. Nf3 g6 3. d4 cxd4 4. Nxd4 Nc6 5. c3 Bg7 6. Be2 Nf6 7. Nxc6 bxc6 8.
Bd3 d6 9. O-O O-O 10. Nd2 Nd7 11. Nb3 a5 12. Be3 a4 13. Nd4 Qc7 14. Qd2 Nc5 15.
Bc2 e5 16. Nf3 Ne6 17. b3 a3 18. Rad1 Rd8 19. c4 c5 20. Qe2 Nd4 21. Nxd4 exd4
22. Bf4 Be5 23. Bg5 Re8 24. Qf3 Qd7 25. Bd3 Qe6 26. Bc1 Qe7 27. g3 Bh3 28. Rfe1
h5 29. Rd2 Bg4 30. Qg2 Bg7 31. f3 Bd7 32. Rf2 Kh7 33. Rfe2 Bh6 34. Bxh6 Kxh6
35. e5 dxe5 36. Rxe5 Qf6 37. Qd2+ Kg7 38. f4 Rxe5 39. Rxe5 Re8 40. Rxe8 Bxe8
41. Qe2 Bc6 42. h4 Qe6 43. Qe5+ Qxe5 44. fxe5 f5 45. exf6+ Kxf6 46. Kf2 g5 47.
hxg5+ Kxg5 48. Bc2 Bd7 49. Kf3 Bg4+ 50. Kf2 Bf5 51. Bd1 Bb1 52. Kf3 Bxa2 53.
Bc2 d3 0-1

[Event "1516VL"]
[Site "Mecklenburg-Vorpommern"]
[Date "2016.04.24"]
[Round "9.7"]
[White "Hoerhold, Martin"]
[Black "Schmidt, Reinhard"]
[Result "1/2-1/2"]
[WhiteElo "1663"]
[BlackElo "1795"]
[PlyCount "44"]
[EventDate "2015.10.11"]
[EventType "team-tourn"]
[EventRounds "9"]
[EventCountry "GER"]
[SourceDate "2015.09.20"]
[WhiteTeam "SG Neubrandenburg"]
[BlackTeam "SFO Warnemuende"]
[WhiteTeamCountry "GER"]
[BlackTeamCountry "GER"]

1. e4 c5 2. f4 e6 3. Nf3 Nc6 4. d4 cxd4 5. Nxd4 Qb6 6. Nb5 Nh6 7. N1a3 f5 8.
Nc4 Qd8 9. Ncd6+ Bxd6 10. Qxd6 Kf7 11. e5 Kg6 12. h4 Nf7 13. h5+ Kh6 14. Qd3 a6
15. Nd6 Nxd6 16. Qxd6 g6 17. Be2 Kg7 18. Be3 Qe7 19. O-O-O Qxd6 20. Rxd6 Rg8
21. h6+ Kf7 22. Bf3 Rb8 1/2-1/2

[Event "1516VL"]
[Site "Mecklenburg-Vorpommern"]
[Date "2016.04.24"]
[Round "9.8"]
[White "Boecking, Uwe"]
[Black "Meyer, Detlef"]
[Result "1-0"]
[WhiteElo "1738"]
[BlackElo "1775"]
[PlyCount "95"]
[EventDate "2015.10.11"]
[EventType "team-tourn"]
[EventRounds "9"]
[EventCountry "GER"]
[SourceDate "2015.09.20"]
[WhiteTeam "SFO Warnemuende"]
[BlackTeam "SG Neubrandenburg"]
[WhiteTeamCountry "GER"]
[BlackTeamCountry "GER"]

1. e4 e6 2. d4 d5 3. Nc3 Nf6 4. Bg5 Be7 5. e5 Nfd7 6. Bxe7 Qxe7 7. f4 a6 8. Nf3
c5 9. Qd2 Nc6 10. O-O-O c4 11. g4 b5 12. f5 Nb6 13. Qf4 b4 14. f6 gxf6 15. exf6
Qd8 16. Nb1 Nd7 17. g5 Qa5 18. Qd6 Bb7 19. Bxc4 dxc4 20. d5 Qc5 21. dxc6 Bxc6
22. Qxc5 Nxc5 23. Rhf1 h6 24. Ne5 Bd5 25. g6 fxg6 26. f7+ Kf8 27. Nxg6+ Kg7 28.
Nxh8 Rxh8 29. Rf4 Rf8 30. Rg1+ Kh7 31. Nd2 b3 32. a3 bxc2 33. Kxc2 e5 34. Rf5
Nd7 35. Kc3 Be6 36. Rf2 Nb6 37. Kb4 Nd5+ 38. Ka5 Nf4 39. Ne4 Rxf7 40. Rg3 Bf5
41. Nd6 Rf6 42. Nxf5 Rxf5 43. Rc2 Nd3 44. Rxc4 Nxb2 45. Rc7+ Kh8 46. Rb3 e4+
47. Kxa6 Rf6+ 48. Ka7 1-0

[Event "1516VL"]
[Site "Mecklenburg-Vorpommern"]
[Date "2016.04.24"]
[Round "9.1"]
[White "Schinke, Andreas"]
[Black "Pererva, Viktor"]
[Result "1/2-1/2"]
[WhiteElo "2060"]
[BlackElo "2007"]
[PlyCount "73"]
[EventDate "2015.10.11"]
[EventType "team-tourn"]
[EventRounds "9"]
[EventCountry "GER"]
[SourceDate "2015.09.20"]
[WhiteTeam "SV BW Grevesmuehlen"]
[BlackTeam "SSC Rostock 07 II"]
[WhiteTeamCountry "GER"]
[BlackTeamCountry "GER"]

1. e4 d5 2. Nc3 d4 3. Nce2 e5 4. f4 Nc6 5. Nf3 Bg4 6. Nxe5 Nxe5 7. fxe5 Qh4+ 8.
g3 Qh5 9. Bg2 d3 10. cxd3 O-O-O 11. d4 Rxd4 12. d3 Bb4+ 13. Kf2 Qxe5 14. Be3
Rd8 15. Qc2 Ne7 16. Rhf1 Bxe2 17. Qxe2 Bc5 18. Kg1 f6 19. Bxc5 Qxc5+ 20. Kh1
Kb8 21. Rac1 Qe5 22. Rc4 Rd4 23. Rfc1 Rhd8 24. Rxc7 Qxc7 25. Rxc7 Kxc7 26. Bf1
Nc6 27. Qg4 R8d7 28. Qf4+ Ne5 29. Kg2 R7d6 30. Kh3 g6 31. Qh6 Rd7 32. Qf8 Nxd3
33. Bxd3 Rxd3 34. Qxf6 R3d6 35. Qf4 Re7 36. Qc1+ Kd7 37. Qc5 1/2-1/2

[Event "1516VL"]
[Site "Mecklenburg-Vorpommern"]
[Date "2016.04.24"]
[Round "9.2"]
[White "Mangold, Thomas"]
[Black "Boehme, Andy"]
[Result "1/2-1/2"]
[WhiteElo "1937"]
[BlackElo "2048"]
[PlyCount "24"]
[EventDate "2015.10.11"]
[EventType "team-tourn"]
[EventRounds "9"]
[EventCountry "GER"]
[SourceDate "2015.09.20"]
[WhiteTeam "SSC Rostock 07 II"]
[BlackTeam "SV BW Grevesmuehlen"]
[WhiteTeamCountry "GER"]
[BlackTeamCountry "GER"]

1. e4 g6 2. Nc3 c6 3. Bc4 Bg7 4. d4 d6 5. a4 a5 6. Nf3 Na6 7. O-O e6 8. Re1 Ne7
9. Bf4 O-O 10. Qd2 d5 11. Bb3 dxe4 12. Nxe4 c5 1/2-1/2

[Event "1516VL"]
[Site "Mecklenburg-Vorpommern"]
[Date "2016.04.24"]
[Round "9.4"]
[White "Celmer, Ole"]
[Black "Stiegler, Maik"]
[Result "0-1"]
[WhiteElo "1893"]
[BlackElo "1888"]
[PlyCount "72"]
[EventDate "2015.10.11"]
[EventType "team-tourn"]
[EventRounds "9"]
[EventCountry "GER"]
[SourceDate "2015.09.20"]
[WhiteTeam "SSC Rostock 07 II"]
[BlackTeam "SV BW Grevesmuehlen"]
[WhiteTeamCountry "GER"]
[BlackTeamCountry "GER"]

1. e4 c5 2. c3 g6 3. d4 cxd4 4. cxd4 d6 5. Nf3 Nf6 6. Nc3 Bg7 7. Be2 O-O 8. O-O
Nbd7 9. Bf4 Nh5 10. Be3 e5 11. dxe5 dxe5 12. Qb3 Nf4 13. Bc4 Qe7 14. Rac1 Nc5
15. Qb4 b6 16. Nd5 Nxd5 17. Bxd5 Ba6 18. Bxa8 Bxf1 19. Bd5 Be2 20. Bxc5 bxc5
21. Qxc5 Qf6 22. Qe3 Bxf3 23. Qxf3 Qb6 24. Qb3 Qa5 25. g3 h5 26. h4 Bf6 27. Rc6
Kg7 28. Qf3 Be7 29. Kg2 Qb4 30. Rc7 a5 31. Rb7 Qc5 32. a3 f5 33. b4 axb4 34.
axb4 Qd6 35. Qe3 fxe4 36. Rb6 Qxd5 0-1